[Event "Speed Chess Super Swiss"]
[Site "Chess.com INT"]
[Date "2020.10.03"]
[Round "15"]
[White "Hansen, Carsten"]
[Black "Saulina, Varvara"]
[Result "1-0"]
[WhiteElo "2270"]
[BlackElo "2240"]
[PlyCount "77"]
[EventDate "2020.10.03"]
[EventType "swiss (blitz)"]
[EventRounds "15"]
[EventCountry "USA"]
[SourceTitle "CBM 198 Extra"]
[Source "ChessBase"]
[SourceDate "2020.11.30"]
[SourceVersion "1"]
[SourceVersionDate "2020.11.30"]
[SourceQuality "1"]

1. d4 Nf6 2. Nf3 d5 3. g3 g6 4. Bg2 Bg7 5. 0-0 0-0 6. c4 c6 7. b3 a5 8. Nc3 Bf5 9. Bb2 h6 10. Nh4 Bg4 11. h3 Be6 12. cxd5 Nxd5 13. Rc1 Na6 14. Na4 Rc8 15. e4 Nf6 16. Qe2 Nd7 17. d5 cxd5 18. exd5 Rxc1 19. Rxc1 Bf5 20. Nxf5 gxf5 21. Bxg7 Kxg7 22. Qd3 Nb4 23. Qxf5 Nxa2 24. Rc4 Nf6 25. Rh4 Nb4 26. Rd4 e6 27. Qe5 Nbxd5 28. Bxd5 exd5 29. Rg4+ Kh7 30. Rf4 Ne4 31. Qf5+ Kh8 32. Qh5 Qd6 33. Rf5 Ng5 34. h4 Qe6 35. Rxg5 Qe1+ 36. Kg2 Qe4+ 37. Kh2 Kh7 38. Rxd5 Qe6 39. Qf5+ 1-0

[Event "Speed Chess Super Swiss"]
[Site "Chess.com INT"]
[Date "2020.10.03"]
[Round "6"]
[White "Lysiak, Magdalena"]
[Black "Hansen, Carsten"]
[Result "0-1"]
[WhiteElo "2126"]
[BlackElo "2270"]
[PlyCount "59"]
[EventDate "2020.10.03"]
[EventType "swiss (blitz)"]
[EventRounds "15"]
[EventCountry "USA"]
[SourceTitle "CBM 198 Extra"]
[Source "ChessBase"]
[SourceDate "2020.11.30"]
[SourceVersion "1"]
[SourceVersionDate "2020.11.30"]
[SourceQuality "1"]

1. d4 Nf6 2. c4 e6 3. Nc3 Bb4 4. Qc2 d5 5. cxd5 exd5 6. Bg5 c6 7. e3 h5 8. Bd3 Bd6 9. Nge2 Nbd7 10. f3 Nf8 11. e4 Be7 12. e5 N6d7 13. Bxe7 Qxe7 14. f4 Nb6 15. 0-0 g6 16. f5 gxf5 17. Bxf5 Be6 18. Nf4 Qg5 19. Bxe6 Nxe6 20. Nxe6 fxe6 21. Rf6 0-0-0 22. Qf2 Nd7 23. Rf7 Rdf8 24. Rf1 Rxf7 25. Qxf7 Rf8 26. Qxf8+ Nxf8 27. Rxf8+ Kc7 28. Ne2 c5 29. Rf4 cxd4 30. Rxd4 0-1

[Event "Speed Chess Super Swiss"]
[Site "Chess.com INT"]
[Date "2020.10.03"]
[Round "8"]
[White "Oliveira, Silvio Eduardo"]
[Black "Hansen, Carsten"]
[Result "1-0"]
[WhiteElo "2304"]
[BlackElo "2270"]
[PlyCount "111"]
[EventDate "2020.10.03"]
[EventType "swiss (blitz)"]
[EventRounds "15"]
[EventCountry "USA"]
[SourceTitle "CBM 198 Extra"]
[Source "ChessBase"]
[SourceDate "2020.11.30"]
[SourceVersion "1"]
[SourceVersionDate "2020.11.30"]
[SourceQuality "1"]

1. e4 c5 2. Nf3 Nc6 3. d4 cxd4 4. Nxd4 Nf6 5. Nc3 h5 6. Bg5 Qa5 7. Bxf6 gxf6 8. Nb3 Qe5 9. g3 a6 10. f4 Qb8 11. h4 b5 12. Be2 e6 13. Bxh5 b4 14. Nb1 Qb6 15. Be2 a5 16. N1d2 a4 17. Nc1 Ba6 18. Bxa6 Rxa6 19. Nc4 Qc5 20. Qd3 Ra8 21. Ne2 b3 22. axb3 Nb4 23. Qc3 d5 24. Ne3 dxe4 25. Rxa4 Rc8 26. Nc4 Rg8 27. Ra5 Qc7 28. 0-0 Nd5 29. Qd2 Bb4 30. Rxd5 Bxd2 31. Rxd2 Qc5+ 32. Kg2 Rd8 33. Rfd1 Rxd2 34. Rxd2 Ke7 35. Nc3 e3 36. Re2 Qf5 37. Nxe3 Qg4 38. Nxg4 f5 39. Nd5+ Kd6 40. Ngf6 Rc8 41. Nc3 Ke7 42. Nfd5+ Kf8 43. Ne3 Kg7 44. Kf3 Kf6 45. g4 Rd8 46. g5+ Kg6 47. h5+ Kxh5 48. Rh2+ Kg6 49. Ne2 Kg7 50. Rh6 Rd2 51. Ng3 Rd6 52. Nh5+ Kf8 53. Nf6 Ke7 54. Nc4 Rd8 55. Ne5 Rc8 56. Rh7 1-0

[Event "Speed Chess Super Swiss"]
[Site "Chess.com INT"]
[Date "2020.10.03"]
[Round "14"]
[White "Trichkov, Vasil"]
[Black "Hansen, Carsten"]
[Result "0-1"]
[WhiteElo "2302"]
[BlackElo "2270"]
[PlyCount "64"]
[EventDate "2020.10.03"]
[EventType "swiss (blitz)"]
[EventRounds "15"]
[EventCountry "USA"]
[SourceTitle "CBM 198 Extra"]
[Source "ChessBase"]
[SourceDate "2020.11.30"]
[SourceVersion "1"]
[SourceVersionDate "2020.11.30"]
[SourceQuality "1"]

1. d4 Nf6 2. Nf3 e6 3. g3 b6 4. Bg2 Bb7 5. 0-0 Be7 6. c4 0-0 7. Nc3 Ne4 8. d5 Nxc3 9. bxc3 exd5 10. cxd5 d6 11. Nd4 Nd7 12. e4 Bf6 13. f4 Re8 14. Qc2 Nc5 15. Bd2 Ba6 16. Rfe1 Bd3 17. Qd1 Bxe4 18. Nc6 Qd7 19. Qh5 g6 20. Qh3 Bf5 21. Qh6 Nd3 22. Rxe8+ Rxe8 23. Nd4 Bxd4+ 24. cxd4 Qa4 25. h3 Qxd4+ 26. Kh2 Qxa1 27. g4 Be4 28. Bxe4 Rxe4 29. f5 Qe5+ 30. Kg2 Re2+ 31. Kg1 Qe4 32. fxg6 Qg2# 0-1

[Event "EU-ch Online 2300+ Final"]
[Site "Chess.com INT"]
[Date "2020.05.30"]
[Round "7"]
[White "Efimov, Igor"]
[Black "Hansen, Carsten"]
[Result "0-1"]
[WhiteElo "2409"]
[BlackElo "2270"]
[PlyCount "60"]
[EventDate "2020.05.30"]
[EventType "swiss"]
[EventRounds "8"]
[EventCountry "NET"]
[SourceTitle "CBM 196 Extra"]
[Source "ChessBase"]
[SourceDate "2020.07.31"]
[SourceVersion "1"]
[SourceVersionDate "2020.07.31"]
[SourceQuality "1"]

1. d4 Nf6 2. Bg5 d5 3. Nd2 Bf5 4. Bxf6 exf6 5. e3 Nd7 6. g3 c6 7. Bg2 Bd6 8. Ne2 0-0 9. 0-0 Re8 10. c4 dxc4 11. Nxc4 Bf8 12. Nc3 Nb6 13. Na5 Qd7 14. Re1 Bb4 15. Nb3 Rad8 16. Rc1 Be6 17. Ne4 Bxb3 18. Qxb3 Bxe1 19. Nc5 Qe7 20. Rxe1 Rxd4 21. Qa3 Rd2 22. b4 a6 23. Qa5 Nc4 24. Qa4 Red8 25. Qb3 Ne5 26. h3 Nd3 27. Rf1 Nxc5 28. bxc5 g6 29. Rb1 R8d7 30. Qb2 Rxb2 0-1

[Event "EU-ch Online 2300+ Qual"]
[Site "Chess.com INT"]
[Date "2020.05.29"]
[Round "3"]
[White "Hansen, Carsten"]
[Black "Chocenka, Dmitrijus"]
[Result "0-1"]
[WhiteElo "2270"]
[BlackElo "2333"]
[PlyCount "60"]
[EventDate "2020.05.29"]
[EventType "swiss"]
[EventRounds "8"]
[EventCountry "NET"]
[SourceTitle "CBM 196 Extra"]
[Source "ChessBase"]
[SourceDate "2020.07.31"]
[SourceVersion "1"]
[SourceVersionDate "2020.07.31"]
[SourceQuality "1"]

1. d4 Nf6 2. Nf3 g6 3. c4 Bg7 4. Nc3 0-0 5. Bg5 d6 6. e3 c5 7. d5 a6 8. a4 Re8 9. Be2 e6 10. Nd2 h6 11. Bh4 exd5 12. cxd5 Nbd7 13. 0-0 b6 14. Bg3 Ne5 15. f4 Neg4 16. Nc4 Nxe3 17. Nxe3 Rxe3 18. Qd2 Re7 19. Bf3 Bf5 20. Rfe1 Raa7 21. h3 Qe8 22. Bf2 Ne4 23. Nxe4 Bxe4 24. Be2 f5 25. Bc4 Kh7 26. Kh2 b5 27. Bf1 bxa4 28. Bc4 Rab7 29. Ra2 Rb4 30. Rc1 a5 0-1

[Event "EU-ch Online U2300 Final"]
[Site "Chess.com INT"]
[Date "2020.05.26"]
[Round "4"]
[White "Hansen, Carsten"]
[Black "Giannoulakis, Labros"]
[Result "1-0"]
[WhiteElo "2270"]
[BlackElo "2293"]
[PlyCount "123"]
[EventDate "2020.05.26"]
[EventType "swiss"]
[EventRounds "8"]
[EventCountry "NET"]
[SourceTitle "CBM 196 Extra"]
[Source "ChessBase"]
[SourceDate "2020.07.31"]
[SourceVersion "1"]
[SourceVersionDate "2020.07.31"]
[SourceQuality "1"]

1. Nf3 Nf6 2. c4 g6 3. Nc3 Bg7 4. d4 0-0 5. Bg5 d6 6. e3 Nbd7 7. Qc2 c6 8. Rd1 Qe8 9. Be2 e5 10. dxe5 dxe5 11. Nd2 h6 12. Bh4 Nc5 13. b4 Na6 14. a3 Bf5 15. e4 Be6 16. c5 Nc7 17. Nc4 Bxc4 18. Bxc4 Ne6 19. Bxe6 Qxe6 20. Rd6 Qe7 21. Bxf6 Bxf6 22. 0-0 Rfd8 23. Rfd1 Bg5 24. Qb3 Kg7 25. b5 Qe8 26. bxc6 bxc6 27. Qa4 Rdc8 28. Qc4 Rc7 29. g3 Be7 30. R6d3 Rb8 31. Na4 Rb5 32. Qc3 f6 33. Qc4 Qc8 34. Kg2 h5 35. h4 Qg4 36. f3 Qc8 37. R1d2 Rb8 38. Qc2 Qe6 39. Qd1 Rbb7 40. Qc2 Kf7 41. Qd1 Ke8 42. Qc2 Rd7 43. Rxd7 Rxd7 44. Rxd7 Qxd7 45. Qc4 Kf8 46. Qb4 Kg7 47. Qb3 Qd2+ 48. Kh3 Qd7+ 49. Kg2 g5 50. hxg5 fxg5 51. Qc3 Bf6 52. Nb2 g4 53. Nc4 Qd1 54. fxg4 hxg4 55. Nd6 Qe2+ 56. Kg1 Kg6 57. Nf5 Qxe4 58. Ne3 Qf3 59. Qc2+ e4 60. Ng2 Bd4+ 61. Kh2 Be5 62. Nh4+ 1-0

[Event "EU-ch Online U2300 Final"]
[Site "Chess.com INT"]
[Date "2020.05.26"]
[Round "5"]
[White "Kalogeris, Ioannis"]
[Black "Hansen, Carsten"]
[Result "1/2-1/2"]
[WhiteElo "2312"]
[BlackElo "2270"]
[PlyCount "97"]
[EventDate "2020.05.26"]
[EventType "swiss"]
[EventRounds "8"]
[EventCountry "NET"]
[SourceTitle "CBM 196 Extra"]
[Source "ChessBase"]
[SourceDate "2020.07.31"]
[SourceVersion "1"]
[SourceVersionDate "2020.07.31"]
[SourceQuality "1"]

1. e4 c5 2. Nf3 Nc6 3. d4 cxd4 4. Nxd4 g6 5. c4 Nf6 6. Nc3 d6 7. Be2 Nxd4 8. Qxd4 Bg7 9. Qe3 0-0 10. 0-0 Be6 11. Bd2 Qb6 12. Qxb6 axb6 13. a4 Rfc8 14. b3 Nd7 15. Rab1 Nc5 16. f3 f5 17. Nd5 Bxd5 18. exd5 Kf7 19. Be3 Bc3 20. Rfd1 Bb4 21. Bd4 Nd7 22. Ba1 Rg8 23. f4 Nc5 24. Bf3 Raf8 25. g3 Ke8 26. Kg2 Kd7 27. Bd4 h6 28. Rf1 Kc7 29. Bd1 Ne4 30. Rb2 Bc5 31. Bxc5 bxc5 32. Re2 Kd7 33. Rfe1 Rg7 34. Bc2 Nf6 35. Re6 Ne8 36. h3 Nc7 37. R6e2 Rf6 38. Bd3 e6 39. dxe6+ Rxe6 40. g4 Rxe2+ 41. Bxe2 Ne6 42. Kg3 Nd4 43. Bf3 b6 44. Rb1 Re7 45. Kf2 Rf7 46. Kg3 Re7 47. Kf2 Nc2 48. Rd1 Nd4 49. Rb1 1/2-1/2

[Event "EU-ch Online U2300 Final"]
[Site "Chess.com INT"]
[Date "2020.05.26"]
[Round "3"]
[White "Svane, Frederik"]
[Black "Hansen, Carsten"]
[Result "1/2-1/2"]
[WhiteElo "2421"]
[BlackElo "2270"]
[PlyCount "140"]
[EventDate "2020.05.26"]
[EventType "swiss"]
[EventRounds "8"]
[EventCountry "NET"]
[SourceTitle "CBM 196 Extra"]
[Source "ChessBase"]
[SourceDate "2020.07.31"]
[SourceVersion "1"]
[SourceVersionDate "2020.07.31"]
[SourceQuality "1"]

1. e4 c5 2. Nf3 Nc6 3. Bb5 g6 4. 0-0 Bg7 5. d3 e5 6. a3 Nge7 7. b4 d6 8. Be3 b6 9. c4 0-0 10. Nc3 Nd4 11. Bxd4 exd4 12. Nd5 Nxd5 13. exd5 a6 14. Bc6 Ra7 15. Re1 a5 16. bxc5 bxc5 17. Rb1 Bf5 18. Rb2 Bf6 19. Rbe2 Re7 20. Rxe7 Bxe7 21. Qe2 Bf6 22. Nd2 h5 23. g3 Kg7 24. Ne4 Bxe4 25. Qxe4 Qc7 26. Kg2 Rb8 27. Bb5 Qa7 28. a4 Rb7 29. Qf3 Re7 30. Rb1 Bg5 31. h4 Bd2 32. Bc6 Bb4 33. Rb2 Re5 34. Re2 Qe7 35. Rxe5 Qxe5 36. Qe4 Qxe4+ 37. dxe4 f6 38. f4 Kf7 39. Bd7 Ke7 40. Bh3 Be1 41. Kf3 d3 42. Bf1 d2 43. Be2 Kf7 44. Bd1 Ke7 45. Kg2 Kf7 46. Kh2 Ke7 47. Kh3 Bf2 48. Kg2 Be1 49. f5 Kf7 50. Kf3 Kg7 51. Kf4 Bf2 52. fxg6 Kxg6 53. g4 Bxh4 54. gxh5+ Kf7 55. Kf5 Bg5 56. Kg4 Bh6 57. Kf5 Be3 58. Be2 Bh6 59. Bf3 Be3 60. Bd1 Bh6 61. Kg4 Be3 62. Kf3 Bh6 63. Kg4 Be3 64. Kf5 Bh6 65. e5 fxe5 66. Be2 Be3 67. Bd1 Bh6 68. Be2 Be3 69. Ke4 Bf4 70. Kf5 Be3 1/2-1/2

[Event "EU-ch Online U2300 Qual"]
[Site "Chess.com INT"]
[Date "2020.05.25"]
[Round "2"]
[White "Gheorghiu, Calin"]
[Black "Hansen, Carsten"]
[Result "1-0"]
[WhiteElo "2283"]
[BlackElo "2270"]
[PlyCount "139"]
[EventDate "2020.05.25"]
[EventType "swiss"]
[EventRounds "8"]
[EventCountry "NET"]
[SourceTitle "EXT 2021"]
[Source "ChessBase"]
[SourceDate "2020.10.23"]
[SourceVersion "1"]
[SourceVersionDate "2020.10.23"]
[SourceQuality "1"]

1. e4 c5 2. Nf3 Nc6 3. d4 cxd4 4. Nxd4 g6 5. Nc3 Bg7 6. Be3 Nf6 7. Bc4 Qa5 8. 0-0 0-0 9. a3 d6 10. Be2 Bd7 11. Nb3 Qc7 12. f4 a6 13. Bf3 e6 14. Qd2 Rfd8 15. Rad1 Be8 16. g4 d5 17. exd5 exd5 18. Qg2 Ne7 19. g5 Ne4 20. Nxe4 dxe4 21. Bxe4 Bc6 22. Bxc6 bxc6 23. Bd4 Nf5 24. Bxg7 Kxg7 25. Qf2 Re8 26. Rfe1 Rxe1+ 27. Rxe1 Qd6 28. Qd2 Qxd2 29. Nxd2 Rd8 30. Nf3 Rd5 31. Kf2 Rc5 32. Re2 Rc4 33. Ne5 Rxf4+ 34. Kg2 c5 35. Nd3 Rg4+ 36. Kf3 Rxg5 37. Kf4 Rh5 38. Nxc5 Nd4 39. Re5 Rxh2 40. Nxa6 Rxc2 41. b4 Ne6+ 42. Ke4 h5 43. b5 Re2+ 44. Kd5 Rb2 45. Nb4 Nc7+ 46. Kc6 Nxb5 47. Kxb5 h4 48. a4 h3 49. a5 h2 50. Re1 g5 51. a6 Rd2 52. a7 Rd8 53. Nc6 Ra8 54. Rh1 f5 55. Rxh2 g4 56. Kc4 Kg6 57. Kd4 Kg5 58. Rh7 Kf4 59. Rg7 Kf3 60. Ne5+ Kf4 61. Nd3+ Kf3 62. Ke5 f4 63. Nxf4 Re8+ 64. Ne6 g3 65. Rf7+ Ke2 66. Rf8 g2 67. Rxe8 g1Q 68. a8Q Qg3+ 69. Kf6 Qh4+ 70. Ng5+ 1-0

[Event "EU-ch Online U2300 Qual"]
[Site "Chess.com INT"]
[Date "2020.05.25"]
[Round "5"]
[White "Hansen, Carsten"]
[Black "Albu, George"]
[Result "1-0"]
[WhiteElo "2270"]
[BlackElo "2142"]
[PlyCount "99"]
[EventDate "2020.05.25"]
[EventType "swiss"]
[EventRounds "8"]
[EventCountry "NET"]
[SourceTitle "EXT 2021"]
[Source "ChessBase"]
[SourceDate "2020.10.23"]
[SourceVersion "1"]
[SourceVersionDate "2020.10.23"]
[SourceQuality "1"]

1. Nf3 Nf6 2. c4 c5 3. g3 d5 4. cxd5 Nxd5 5. Bg2 Nc6 6. 0-0 e5 7. Nc3 Nc7 8. d3 Be7 9. Nd2 Be6 10. Bxc6+ bxc6 11. Qa4 Qd7 12. Nc4 f6 13. Be3 0-0 14. Na5 Nb5 15. Nxc6 Nxc3 16. Nxe7+ Qxe7 17. bxc3 c4 18. dxc4 Rfc8 19. c5 Bd5 20. Rfd1 Qe6 21. f3 h5 22. Rd2 a6 23. Rad1 Bc6 24. Qb3 Qxb3 25. axb3 a5 26. Ra1 Rab8 27. Ra3 Ra8 28. c4 Rab8 29. Rb2 Ra8 30. Bd2 Be8 31. Rxa5 Rxa5 32. Bxa5 Rxc5 33. Bb6 Rc8 34. Be3 Kf7 35. Kf2 Ke6 36. Ke1 Rb8 37. Kd2 Kd6 38. Kc3 Bf7 39. b4 f5 40. b5 Be8 41. f4 e4 42. Bd4 Rb7 43. e3 Ke6 44. Kb4 g6 45. h4 Rb8 46. Ra2 Rb7 47. Ra6+ Kf7 48. b6 Bc6 49. Kc5 Be8 50. Ra7 1-0

[Event "USA-chT Amateur East"]
[Site "Parsippany"]
[Date "2008.02.18"]
[Round "5"]
[White "Hansen, Carsten"]
[Black "Larkins, Larry R"]
[Result "1-0"]
[WhiteElo "2300"]
[BlackElo "2173"]
[PlyCount "73"]
[EventDate "2008.02.16"]
[EventType "team"]
[EventRounds "6"]
[EventCountry "USA"]
[SourceTitle "CBM 123 Extra"]
[Source "ChessBase"]
[SourceDate "2008.05.06"]
[SourceVersion "1"]
[SourceVersionDate "2008.05.06"]
[SourceQuality "1"]

1. Nf3 Nf6 2. c4 c6 3. b3 d5 4. Bb2 Nbd7 5. g3 dxc4 6. bxc4 g6 7. Bg2 Bg7 8. 0-0 0-0 9. d3 Nc5 10. Nc3 Qa5 11. Qc2 Rd8 12. Nd2 Ne6 13. Nce4 Nd4 14. Bxd4 Rxd4 15. Nxf6+ Bxf6 16. Nb3 Qh5 17. Nxd4 Bxd4 18. Rab1 a5 19. e3 Bc5 20. Qb2 e5 21. d4 Bd6 22. Rbd1 Qg5 23. c5 Bc7 24. Rfe1 Qe7 25. f4 f6 26. d5 Qxc5 27. dxc6 b6 28. fxe5 Qxe5 29. Qxe5 fxe5 30. Bd5+ Kh8 31. Rf1 Bf5 32. e4 Bg4 33. Rd2 b5 34. Kg2 g5 35. Rf7 Bb6 36. c7 Rc8 37. Bb7 1-0

[Event "USA-chT Amateur East"]
[Site "Parsippany"]
[Date "2007.02.19"]
[Round "5"]
[White "Hansen, Carsten"]
[Black "Fedorowicz, John P"]
[Result "1/2-1/2"]
[WhiteElo "2301"]
[BlackElo "2469"]
[PlyCount "34"]
[EventDate "2007.02.17"]
[EventType "team"]
[EventRounds "6"]
[EventCountry "USA"]
[SourceTitle "CBM 117 Extra"]
[Source "ChessBase"]
[SourceDate "2007.05.09"]
[SourceVersion "1"]
[SourceVersionDate "2007.05.09"]
[SourceQuality "1"]

1. Nf3 Nf6 2. c4 g6 3. Nc3 Bg7 4. g3 0-0 5. Bg2 d6 6. 0-0 e5 7. d3 Nc6 8. Rb1 a5 9. a3 Re8 10. Nd2 Rb8 11. b4 axb4 12. axb4 h6 13. b5 Nd4 14. Nb3 Be6 15. Nxd4 exd4 16. Nd5 Nxd5 17. cxd5 Bg4 1/2-1/2

[Event "USA-chT Amateur East"]
[Site "Parsippany"]
[Date "2007.02.19"]
[Round "6"]
[White "Hutama, Sandi"]
[Black "Hansen, Carsten"]
[Result "1/2-1/2"]
[WhiteElo "2122"]
[BlackElo "2301"]
[PlyCount "86"]
[EventDate "2007.02.17"]
[EventType "team"]
[EventRounds "6"]
[EventCountry "USA"]
[SourceTitle "CBM 117 Extra"]
[Source "ChessBase"]
[SourceDate "2007.05.09"]
[SourceVersion "1"]
[SourceVersionDate "2007.05.09"]
[SourceQuality "1"]

1. d4 Nf6 2. Nf3 e6 3. e3 b6 4. Bd3 Bb7 5. Nbd2 c5 6. c3 cxd4 7. exd4 Be7 8. 0-0 d6 9. Qe2 Nbd7 10. Re1 0-0 11. Nf1 Re8 12. Bg5 h6 13. Bd2 Bf8 14. Rad1 Qc7 15. Bb1 e5 16. dxe5 dxe5 17. Bc1 e4 18. Nd4 a6 19. Ng3 g6 20. Qd2 Rac8 21. Qf4 Qxf4 22. Bxf4 Nc5 23. f3 Na4 24. Bc1 exf3 25. Nxf3 b5 26. Rxe8 Rxe8 27. Re1 Rxe1+ 28. Nxe1 Bc5+ 29. Kh1 Ng4 30. Nd3 Be3 31. Bc2 Bxc1 32. Bxa4 Be3 33. Bd1 Nf2+ 34. Nxf2 Bxf2 35. Bf3 Bxf3 36. gxf3 Bxg3 37. hxg3 f5 38. Kg2 Kf7 39. Kf2 Ke6 40. Ke3 Ke5 41. f4+ Kd5 42. b3 g5 43. Kf3 a5 1/2-1/2

[Event "USA-chT Amateur East"]
[Site "Parsippany"]
[Date "2007.02.17"]
[Round "2"]
[White "Getz, Alec S"]
[Black "Hansen, Carsten"]
[Result "1/2-1/2"]
[WhiteElo "2166"]
[BlackElo "2301"]
[PlyCount "28"]
[EventDate "2007.02.17"]
[EventType "team"]
[EventRounds "6"]
[EventCountry "USA"]
[SourceTitle "CBM 117 Extra"]
[Source "ChessBase"]
[SourceDate "2007.05.09"]
[SourceVersion "1"]
[SourceVersionDate "2007.05.09"]
[SourceQuality "1"]

1. e4 c5 2. Nc3 Nc6 3. g3 g6 4. Bg2 Bg7 5. d3 d6 6. Be3 e5 7. Nh3 Nge7 8. 0-0 0-0 9. f4 f5 10. Qd2 Rb8 11. Rae1 b6 12. Nd5 fxe4 13. dxe4 Be6 14. Ng5 Qd7 1/2-1/2

[Event "USA-chT Amateur East"]
[Site "Parsippany"]
[Date "2005.03.20"]
[Round "4"]
[White "Hansen, Carsten"]
[Black "Lu, Yu Zhong"]
[Result "1-0"]
[WhiteElo "2301"]
[BlackElo "2075"]
[PlyCount "171"]
[EventDate "2005.03.19"]
[EventType "team"]
[EventRounds "6"]
[EventCountry "USA"]
[SourceTitle "CBM 105 Extra"]
[Source "ChessBase"]
[SourceDate "2005.05.01"]
[SourceVersion "1"]
[SourceVersionDate "2005.05.01"]
[SourceQuality "1"]

1. d4 Nf6 2. c4 c5 3. d5 b5 4. cxb5 a6 5. bxa6 Bxa6 6. Nc3 g6 7. g3 d6 8. Bg2 Bg7 9. Nf3 0-0 10. 0-0 Nbd7 11. Rb1 Qa5 12. Bd2 Rfb8 13. a4 c4 14. Nd4 Ne5 15. Bf4 Nfd7 16. Ncb5 Nc5 17. Bxe5 Bxe5 18. Nc6 Qxa4 19. Nc7 Bb5 20. Nxb8 Qxd1 21. Rfxd1 Rxb8 22. Nxb5 Rxb5 23. Rdc1 Rb4 24. Rc2 c3 25. b3 f5 26. e3 Rxb3 27. Rxb3 Nxb3 28. Ra2 Kf7 29. Bf1 Nd2 30. Be2 Nb3 31. Bd1 Nc1 32. Ra8 Nd3 33. Rc8 h5 34. f4 Bf6 35. Kf1 Nc5 36. Bc2 Bg7 37. Ke2 Na6 38. Ba4 Bf6 39. h3 Nb4 40. Bb3 Na6 41. Kf3 Nc5 42. Bc2 Nd7 43. Rc7 Nf8 44. g4 hxg4+ 45. hxg4 fxg4+ 46. Kxg4 Nh7 47. Kf3 Nf8 48. Bb3 g5 49. fxg5 Bxg5 50. Rxc3 Nd7 51. Rc8 Ne5+ 52. Ke4 Nd7 53. Bc2 Nc5+ 54. Kf3 Kf6 55. Rg8 Bh4 56. Kf4 Kf7 57. Rg4 Bf6 58. Bg6+ Kf8 59. Kf5 Nd7 60. Bh7 Bg7 61. Rb4 Bf6 62. Rb7 Nc5 63. Rb8+ Kg7 64. Bg8 Nd7 65. Re8 Nc5 66. Be6 Nd3 67. Rg8+ Kh7 68. Bf7 Kh6 69. Rg1 Ne5 70. Be8 Kh7 71. Ke6 Kh6 72. Kf5 Kh7 73. Rg3 Kh6 74. Ba4 Kh7 75. Bc2 Kh6 76. Rh3+ Kg7 77. Ke6 Nc4 78. Bf5 Ne5 79. Rh7+ Kf8 80. e4 Ke8 81. Rh3 Kf8 82. Rh6 Kg7 83. Rxf6 exf6 84. Kxd6 Kf7 85. Kc7 Ke7 86. d6+ 1-0

[Event "USA-chT Amateur East"]
[Site "Parsippany"]
[Date "2005.03.19"]
[Round "2"]
[White "Hansen, Carsten"]
[Black "Grasso, David"]
[Result "1-0"]
[WhiteElo "2301"]
[BlackElo "2177"]
[PlyCount "137"]
[EventDate "2005.03.19"]
[EventType "team"]
[EventRounds "6"]
[EventCountry "USA"]
[SourceTitle "CBM 105 Extra"]
[Source "ChessBase"]
[SourceDate "2005.05.01"]
[SourceVersion "1"]
[SourceVersionDate "2005.05.01"]
[SourceQuality "1"]

1. d4 Nf6 2. c4 e6 3. Nc3 Bb4 4. e3 c5 5. Nge2 cxd4 6. exd4 0-0 7. a3 Be7 8. Nf4 d5 9. cxd5 Nxd5 10. Ncxd5 exd5 11. Be2 Nc6 12. 0-0 Bf6 13. Be3 Qd6 14. Nh5 Bd8 15. Bf3 Bb6 16. b4 a6 17. Qd2 Bf5 18. Nf4 Ne7 19. Nd3 Bxd3 20. Qxd3 Rac8 21. Rac1 Qg6 22. Qb3 Qf5 23. h3 h5 24. a4 Rxc1 25. Rxc1 Nc6 26. Qxd5 Qxd5 27. Bxd5 Nxb4 28. Bxb7 Rd8 29. Rc4 a5 30. Kf1 g6 31. Ke2 Kf8 32. h4 f6 33. g3 Ke7 34. Be4 Kf7 35. d5 Bxe3 36. Rc7+ Kf8 37. fxe3 f5 38. Bf3 Nxd5 39. Rc5 Nb6 40. Rxa5 Re8 41. Ra6 Rb8 42. Ra7 Rd8 43. a5 Nd5 44. Rb7 Nc3+ 45. Ke1 Rd6 46. Rc7 Ne4 47. Bxe4 fxe4 48. Rc4 Ra6 49. Ra4 Kf7 50. Kf2 Kf6 51. Kg2 g5 52. hxg5+ Kf5 53. Kh3 Kxg5 54. Ra2 Kf5 55. Kh4 Ra8 56. a6 Ra7 57. Ra5+ Kg6 58. Ra4 Kf5 59. Ra2 Ke5 60. Kxh5 Rh7+ 61. Kg6 Ra7 62. g4 Ra8 63. a7 Rg8+ 64. Kf7 Ra8 65. Ra5+ Kd6 66. g5 Kc7 67. g6 Rd8 68. a8Q Rd7+ 69. Kf6 1-0

[Event "USA-chT Amateur East"]
[Site "Parsippany"]
[Date "2004.02.15"]
[Round "3"]
[White "Hansen, Carsten"]
[Black "Fielding, Paul T"]
[Result "1-0"]
[WhiteElo "2301"]
[BlackElo "2225"]
[PlyCount "77"]
[EventDate "2004.02.14"]
[EventType "team"]
[EventRounds "6"]
[EventCountry "USA"]
[SourceTitle "EXT 2005"]
[Source "ChessBase"]
[SourceDate "2004.11.15"]
[SourceVersion "1"]
[SourceVersionDate "2004.11.15"]
[SourceQuality "1"]

1. d4 Nf6 2. c4 e6 3. Nc3 d5 4. cxd5 exd5 5. Bg5 Be7 6. Qc2 c6 7. e3 Nbd7 8. Bd3 Nf8 9. Nge2 Bg4 10. h3 Bh5 11. Ng3 Bg6 12. Nf5 Ne6 13. Bh4 Bxf5 14. Bxf5 g6 15. Bd3 Nh5 16. Bxe7 Qxe7 17. 0-0-0 0-0-0 18. g4 Nf6 19. Kb1 Kb8 20. f3 Rhe8 21. Rhe1 Qc7 22. Qf2 a6 23. Bc2 g5 24. f4 Ne4 25. Bxe4 dxe4 26. Nxe4 gxf4 27. Nf6 fxe3 28. Qxe3 Rh8 29. Rf1 h6 30. a3 c5 31. d5 Nd4 32. Rde1 Qb6 33. Nd7+ Rxd7 34. Qe5+ Ka7 35. Qxh8 Qb3 36. Qh7 Rxd5 37. Rxf7 Nf3 38. Rxb7+ Qxb7 39. Re7 1-0

[Event "USA-chT Amateur East"]
[Site "Parsippany"]
[Date "2004.02.14"]
[Round "2"]
[White "Hansen, Carsten"]
[Black "Sharp, Dale Eugene"]
[Result "0-1"]
[WhiteElo "2301"]
[BlackElo "2079"]
[PlyCount "138"]
[EventDate "2004.02.14"]
[EventType "team"]
[EventRounds "6"]
[EventCountry "USA"]
[SourceTitle "EXT 2005"]
[Source "ChessBase"]
[SourceDate "2004.11.15"]
[SourceVersion "1"]
[SourceVersionDate "2004.11.15"]
[SourceQuality "1"]

1. e4 c5 2. Nf3 Nc6 3. d4 cxd4 4. Nxd4 g6 5. c4 Nf6 6. Nc3 d6 7. f3 Nxd4 8. Qxd4 Bg7 9. Be3 0-0 10. Qd2 a6 11. Rc1 Be6 12. Be2 Qa5 13. a3 Rfc8 14. Nd5 Qxd2+ 15. Kxd2 Nxd5 16. cxd5 Bd7 17. Rc2 Rxc2+ 18. Kxc2 Rc8+ 19. Kb1 Ba4 20. Rc1 Rxc1+ 21. Kxc1 Bb3 22. h4 Kf8 23. g4 e6 24. dxe6 fxe6 25. Bd2 Bd4 26. Bc3 Be3+ 27. Bd2 Bf2 28. Bg5 Bd4 29. Bd3 Kg7 30. f4 h6 31. Be7 Be3+ 32. Kb1 Bxf4 33. Be2 Kf7 34. Bd8 Be5 35. Bb6 Bg3 36. h5 Bf4 37. Bd4 gxh5 38. gxh5 Ke7 39. Bg4 Kd7 40. Be2 Kc6 41. Bf3 Kb5 42. Be2+ Kc6 43. Bf3 Kc7 44. Be2 e5 45. Bf2 Kc6 46. Bg4 Bd2 47. Bf5 a5 48. Bg4 a4 49. Be2 d5 50. exd5+ Kxd5 51. Bg4 Ke4 52. Bc8 Kf3 53. Bb6 Bd5 54. Kc2 Be3 55. Ba5 Bc5 56. Bd2 Be4+ 57. Kd1 Be3 58. Bc3 Bf4 59. Be6 b5 60. b3 Bc6 61. Bf7 e4 62. bxa4 bxa4 63. Bc4 e3 64. Be2+ Kg2 65. Bf6 Bf3 66. Bc3 Bd6 67. Bg7 Kf2 68. Bxf3 Kxf3 69. Bxh6 e2+ 0-1